Common Bonds Chain Quiz Stats

Quiz Updated Jan 20, 2017

Also try: SPORCLE Word Chain
Challenge
Share
Tweet
Embed
Score 0/37 Timer 10:00
0 Plays Today
Threesome Common Bond % Correct
Harry Houdini, David Blaine, David CopperfieldMagicians
94.7%
Peeps, chocolate bunnies, colored eggsEaster things
87.3%
Mike Tyson, Rocky Marciano, Harry Lewisboxers
81.9%
Moses, pyramids, PharaohEgypt connection
80.7%
Belle, Tiana, JasmineDisney heroines
78.6%
laurel wreath, Stanley Cup, Oscarawards
77.4%
Twist, Mashed Potato, Monkey1960's dance crazes
76.9%
opossum, koala, kangaroomarsupials
76.3%
eggs, Indianapolis Motor Speedway, Trump's officeovals
75.4%
Simon, Barbie, Lincoln Logstoys with a person's name
74.8%
Grant Wood, Jackson Pollock, Andy WarholAmerican artists
74.7%
Smith & Wesson, Winchester, Remingtongun manufacturers
73%
Oscar Wilde, Tennessee Williams, Neil Simonplaywrights
72.5%
Lincoln, NE; Olympia, WA; Tallahassee, FLU.S. capital cities
71.8%
David Copperfield, Ebenezer Scrooge, Oliver TwistCharles Dickens' characters
71.2%
Thomas, Job, Mosespeople in the Bible
70.2%
Mary Jane, Oh Henry!, Baby Ruthcandy with people's names on them
70.1%
dog, amusement, Yellowstonetypes of parks
69.9%
The Office, Evan Almighty, Little Miss SunshineSteve Carell starred in these.
69.6%
Threesome Common Bond % Correct
Independence Hall, Flyers, Liberty Bellthings in Philadelphia
67.1%
Quick Draw McGraw, Fred Flintstone, Augie DoggieHanna Barbera cartoon characters
66.3%
Calypso, Andrea Doria, U.S.S. Constitutionships
64.1%
The Constitution, Magna Carta, Declaration of Independencefamous documents
62.1%
Florida, piano, locksmiththey all have keys
58%
yellow, Dengue, scarlettypes of fevers
57.3%
Shari Lewis, Hannibal Lecter, Little Bo Peep'lamb' connection
56.2%
Scarlett O'Hara, Ashley Wilkes, Melanie HamiltonGone With the Wind characters
54.3%
jasmine, phlox, laurelflowers
51.7%
Sunshine on My Shoulders, Rocky Mountain High, CalypsoJohn Denver songs
49.7%
Remington Steele, James Bond, Thomas CrownPierce Brosnan roles
49%
Ruth Westheimer, Joyce Brothers, Phil McGrawdoctors; therapists; psychologists
45.6%
Captain Kangaroo, Soupy Sales, Shari Lewischildren's TV show hosts
40.4%
Andy Rooney, Morley Safer, Mike Wallacepeople on 60 Minutes
40.2%
monkey, kinkajou, opossumprehensile tails
39.8%
Alexander Hamilton, Thomas Jefferson, Ulysses Grantpeople on U.S. currency
30.9%
Jean Grey, Diana Prince, Mary Jane Watsoncomic book women
27.5%
Pharaoh, blood, greytypes of hounds
11.9%

You're not logged in!

Compare scores with friends on all Sporcle quizzes.
Sign Up with Email
OR
Log In

You Might Also Like...

Show Comments

Extras

Top Quizzes Today


Score Distribution

Your Account Isn't Verified!

In order to create a playlist on Sporcle, you need to verify the email address you used during registration. Go to your Sporcle Settings to finish the process.